Statistics for Danish bands by lead singer

Click here to take the quiz!

General Stats

  • This quiz has been taken 6 times
  • The average score is 9 of 15

Answer Stats

SingerBand% Correct
Jesper BinzerDAD
100%
Kim LarsenGasolin
100%
Lene NystrømAqua
75%
Tim ChristensenDizzy Mizz Lizzy
50%
Jesper GrothFyr og flamme
50%
Peter A.GGnags
50%
Simon KvammHugorm
50%
Kasper EistrupKashmir
50%
Simon KvammNephew
50%
Emil GollScarlet Pleasure
50%
Michael BundesenShu-bi-dua
50%
Niels BrandtThe minds of 99
50%
Steffen Brandttv2
50%
Hans PhilipUkendt Kunstner
50%
Michael PoulsenVolbeat
25%

Score Distribution

Percentile by Number Answered

Percent of People with Each Score

Your Score History

You have not taken this quiz